Media rules! : Mastering today’s technology to connect with and keep your audience

Сохранить в:
Библиографические подробности
Главный автор:  Reich, Brian
Формат: Sách
Язык:Undetermined
Опубликовано:  John Wiley & Sons  2008
Предметы:
Метки: Добавить метку
Нет меток, Требуется 1-ая метка записи!
Thư viện lưu trữ: Trung tâm Thư viện - Trường Đại học Công nghiệp TP. Hồ Chí Minh
LEADER 00523nam a2200157Ia 4500
001 UIH_04455
008 231011s9999 xx 000 0 und d
082 |a  302.2 
100 |a  Reich, Brian 
245 0 |a  Media rules! : Mastering today’s technology to connect with and keep your audience 
245 0 |c  Reich, Brian 
260 |b  John Wiley & Sons 
260 |c  2008 
650 |a  Truyền thông;  
927 |a Sách 
980 |a Trung tâm Thư viện - Trường Đại học Công nghiệp TP. Hồ Chí Minh